=LDR 00000nam 2200000 4500 =001 INLIS000000000036759 =005 20130612142528 =008 ***********************************Ind** =035 ##$$a0010-061300000036759 =041 ##$$a Ind =082 ##$$a 813.083 =090 ##$$a 813.083, Uta k =100 ##$$a Utami, Nunik =245 ##$$a Ketika bunga bicara, Nunik Utami, Dewi Dedew Rika, Teres Sutaryo =260 ##$$a 2009 $b Jakarta =300 ##$$a x, 185 hlm, 21 cm =650 ##$$a Fiksi Indonesia-Realistis =700 ##$$a Rika, Dewi Dedew =850 ##$$a NBPNMAT =990 ##$$a 92954/BPAP-NTB/2014